Foundations of modern art

Saved in:
Bibliografiske detaljer
Hovedforfatter: Ozenfant, Amédée (Author)
Format: Bog
Sprog:engelsk
Udgivet: Nueva York Dover 1952
Serier:Dover Books on Art History, Surveys, Aesthetics
Fag:
Tags: Tilføj Tag
Ingen Tags, Vær først til at tagge denne postø!

MARC

LEADER 00000nam a2200000 a 4500
001 UCO4563
003 CL-VaPUC
008 000804e19520000US |||||||||||||||||eng|d
082 0 4 |a 709.04  |b OZE  |2 21 
100 |a Ozenfant, Amédée  |e author  |9 449123 
245 1 0 |a Foundations of modern art 
300 |a 347 p 
942 |c BK 
945 |d 20000804 00:00:00  |a crobeson 
260 |a Nueva York  |b Dover  |c 1952 
650 0 |a Arte moderno  |9 265333 
650 0 |a Historia del arte  |9 314877 
650 0 |a Estética   |9 264950 
650 0 |a Teoría del arte  |9 387638 
583 |a last modification  |c 20000804 00:00:00  |k Rodrigo Vera 
490 0 |a Dover Books on Art History, Surveys, Aesthetics 
999 |c 290593  |d 290591 
952 |0 0  |1 0  |4 0  |6 709_040000000000000_OZE_1952  |7 0  |8 A  |9 340109  |a BIBART  |b BIBART  |d 2019-11-20  |i 1214217  |o 709.04 OZE 1952  |p 1214217  |r 2025-03-13  |w 2019-11-20  |y BK  |k ART